| 000 | 00582nam a2200181Ia 4500 | ||
|---|---|---|---|
| 003 | GCL | ||
| 008 | 140319s9999 xx 000 0 ara d | ||
| 040 |
_aGCL / _cGCL |
||
| 082 | 0 | 4 |
_a210.9142 _bن ا |
| 100 | 1 | _aنبيل مطر | |
| 245 | 1 | 0 |
_aالاسلام فى بريطانيا(1558-1685) / _cنبيل مطر |
| 260 |
_aالقاهرة : _bالمجلس الاعلى للثقافة ، _c2002 |
||
| 300 |
_a289 ص ؛ _c24 سم |
||
| 650 | 0 | 4 | _aالتاريخ الاسلامى |
| 650 | 0 | 4 | _aالاسلام - تاريخ |
| 650 | 0 | 4 | _aبريطانيا - تاريخ |
| 942 |
_2ddc _cBK |
||
| 999 |
_c5134 _d5134 |
||